000 00500nam a2200181Ia 4500
001 19319
005 20260306172644.0
008 260306t2015||||xx |||||||||||||| ||spa||
041 _aESP
082 _a658.834
_bA69
100 _aArellano, Rolando
_eAUT
245 0 _aVamos a comprar un político:
_b: aplicando nuestra experiencia de compra a la más importante elección
260 _c2015
300 _a166 páginas :
_c23 cm.
650 _aGEN
654 _aCAN
942 _cLIB
_dJUS
_fJUS
_2ddc
_n
999 _c19319
_d19319